000 00373 a2200169 4500
001 175368
020 _a85-16-02391-5
040 _cMagnum
100 _aOlic, Nelson Bacic
240 1 0 _aConflitos do mundo
_lpor
245 1 0 _aConflitos do mundo
300 _a72
362 0 _a2000
440 1 _aModerna
697 _aHISTÓRIA - GEOGRAFIA - BIOGRAFIAS
942 _cBK
999 _c175368
_d175368